[Event "Titled Tuesday intern op 15th Feb Early"]
[Site "Chess.com INT"]
[Date "2022.02.15"]
[Round "5"]
[White "Corrales Jimenez, Fidel"]
[Black "Noroozi, Omid"]
[Result "1-0"]
[WhiteElo "2537"]
[BlackElo "2330"]
[PlyCount "67"]
[EventDate "2022.02.15"]
[EventType "swiss (blitz)"]
[EventRounds "11"]
[EventCountry "USA"]
[SourceTitle "CBM 206 Extra"]
[Source "ChessBase"]
[SourceDate "2022.03.31"]
[SourceVersion "1"]
[SourceVersionDate "2022.03.31"]
[SourceQuality "1"]

1. d4 Nf6 2. c4 e6 3. Nc3 Bb4 4. f3 c5 5. a3 Ba5 6. e4 cxd4 7. Qxd4 Nc6 8. Qd2 0-0 9. b4 Bc7 10. Bb2 Re8 11. Nge2 d5 12. cxd5 exd5 13. Nxd5 Nxd5 14. Qxd5 Qxd5 15. exd5 Ne7 16. 0-0-0 Nf5 17. Ng3 Bf4+ 18. Kb1 Ne3 19. Re1 Bd7 20. Nh5 Bh6 21. g4 Nxd5 22. Bc4 Nb6 23. Ba2 Bc6 24. g5 Bxf3 25. gxh6 Bxh5 26. Bxg7 Bg6+ 27. Ka1 Nd7 28. h4 Nf8 29. Rxe8 Rxe8 30. h5 Be4 31. Rg1 Ne6 32. Be5+ Kf8 33. Bd6+ Re7 34. Bxe6 1-0

[Event "Titled Tuesday intern op 15th Feb Early"]
[Site "Chess.com INT"]
[Date "2022.02.15"]
[Round "7"]
[White "Noroozi, Omid"]
[Black "Hess, Robert L"]
[Result "0-1"]
[WhiteElo "2330"]
[BlackElo "2591"]
[PlyCount "130"]
[EventDate "2022.02.15"]
[EventType "swiss (blitz)"]
[EventRounds "11"]
[EventCountry "USA"]
[SourceTitle "CBM 206 Extra"]
[Source "ChessBase"]
[SourceDate "2022.03.31"]
[SourceVersion "1"]
[SourceVersionDate "2022.03.31"]
[SourceQuality "1"]

1. e4 g6 2. d4 Bg7 3. Nc3 a6 4. g3 e6 5. Bg2 Ne7 6. Nge2 h6 7. 0-0 d6 8. Be3 b5 9. a4 b4 10. Na2 a5 11. c3 bxc3 12. Naxc3 Na6 13. Qd2 Rb8 14. Rac1 Nb4 15. Nb5 c6 16. Na3 Ba6 17. Nc4 d5 18. Ne5 dxe4 19. Rfd1 f5 20. Nf4 Bxe5 21. dxe5 Qxd2 22. Rxd2 Nd3 23. Nxd3 Bxd3 24. Rc5 Ra8 25. Bd4 Kd7 26. Bc3 Nd5 27. Bxa5 Rhb8 28. Bf1 Bxf1 29. Kxf1 Rb3 30. Rdc2 g5 31. Bd2 Ra6 32. R5c4 e3 33. fxe3 Rxe3 34. b4 Rxe5 35. b5 cxb5 36. axb5 Ra1+ 37. Kf2 Rb1 38. Rc8 Rxb5 39. Rh8 Nf6 40. Bc1 Rbc5 41. Rxc5 Rxc5 42. Be3 Ng4+ 43. Kf3 Rc3 44. h3 Rxe3+ 45. Kg2 Nf6 46. Rxh6 Ne4 47. g4 f4 48. Rg6 f3+ 49. Kf1 f2 50. Rg7+ Kd6 51. Rf7 Re1+ 52. Kg2 Rg1+ 53. Kh2 f1Q 54. Rxf1 Rxf1 55. h4 gxh4 56. g5 Rf3 57. g6 Rg3 58. g7 Rxg7 59. Kh3 Nf6 60. Kxh4 e5 61. Kh3 e4 62. Kh4 e3 63. Kh3 e2 64. Kh4 e1Q+ 65. Kh3 Qh1# 0-1

[Event "Caspian Cup 17th"]
[Site "Bandar e Anzali"]
[Date "2019.02.18"]
[Round "8"]
[White "Noroozi, Omid"]
[Black "Atakhan, Abtin"]
[Result "1-0"]
[WhiteElo "2336"]
[BlackElo "2179"]
[PlyCount "79"]
[EventDate "2019.02.12"]
[EventType "swiss"]
[EventRounds "9"]
[EventCountry "IRI"]
[SourceTitle "CBM 189 Extra"]
[Source "ChessBase"]
[SourceDate "2019.06.03"]
[SourceVersion "1"]
[SourceVersionDate "2019.06.03"]
[SourceQuality "1"]

1. c4 Nf6 2. Nc3 g6 3. e4 d6 4. d4 Bg7 5. Be2 0-0 6. Bg5 c5 7. dxc5 dxc5 8. Qxd8 Rxd8 9. e5 Nfd7 10. e6 Nf6 11. exf7+ Kxf7 12. Be3 Bf5 13. Nf3 Nc6 14. Bxc5 h6 15. 0-0 Ne4 16. Nxe4 Bxe4 17. Ba3 a5 18. Rfe1 Nb4 19. Bd1 Bf5 20. Ne5+ Bxe5 21. Rxe5 Rd4 22. Rb5 Kf6 23. b3 Rd7 24. Bxb4 axb4 25. Bf3 Rd2 26. g4 Bd3 27. Rxb4 Raxa2 28. Rxa2 Rxa2 29. Rxb7 e5 30. Bd5 Kg5 31. h3 e4 32. Kg2 Kh4 33. Re7 Ra1 34. Bxe4 Bf1+ 35. Kh2 Bxh3 36. Rh7 h5 37. gxh5 g5 38. h6 g4 39. Rf7 Ra2 40. Bg2 1-0

[Event "Avicenna op 15th"]
[Site "Hamedan"]
[Date "2018.08.21"]
[Round "6"]
[White "Pavlov, Sergey1111"]
[Black "Noroozi, Omid"]
[Result "1-0"]
[WhiteElo "2496"]
[BlackElo "2326"]
[PlyCount "53"]
[EventDate "2018.08.17"]
[EventType "swiss"]
[EventRounds "9"]
[EventCountry "IRI"]
[SourceTitle "CBM 186 Extra"]
[Source "ChessBase"]
[SourceDate "2018.08.24"]
[SourceVersion "1"]
[SourceVersionDate "2018.08.24"]
[SourceQuality "1"]

1. e4 c5 2. Nf3 d6 3. d4 cxd4 4. Nxd4 Nf6 5. f3 Nc6 6. c4 Qb6 7. Nc2 g6 8. Nc3 Bg7 9. Rb1 Ng4 10. Qd2 Bh6 11. Qe2 Bxc1 12. Nd5 Qa5+ 13. b4 Qd8 14. Rxc1 e6 15. Nc3 Nxh2 16. Rxh2 Qg5 17. Kd1 Qe5 18. Nb5 Qxh2 19. Nc7+ Kd7 20. Nxa8 b6 21. Qe3 Bb7 22. Nxb6+ axb6 23. Qxb6 Rb8 24. b5 Nd8 25. Nb4 Qh1 26. Ke2 Ra8 27. Rd1 1-0

[Event "Avicenna op 15th"]
[Site "Hamedan"]
[Date "2018.08.18"]
[Round "2"]
[White "Noroozi, Omid"]
[Black "Mosadeghpour, Masoud"]
[Result "1-0"]
[WhiteElo "2326"]
[BlackElo "2525"]
[PlyCount "99"]
[EventDate "2018.08.17"]
[EventType "swiss"]
[EventRounds "9"]
[EventCountry "IRI"]
[SourceTitle "CBM 186 Extra"]
[Source "ChessBase"]
[SourceDate "2018.08.24"]
[SourceVersion "1"]
[SourceVersionDate "2018.08.24"]
[SourceQuality "1"]

1. Nf3 d5 2. d4 e6 3. Bf4 Bd6 4. e3 Ne7 5. Nbd2 Bxf4 6. exf4 Qd6 7. g3 b6 8. c3 0-0 9. Bd3 Ba6 10. Bxa6 Nxa6 11. 0-0 c5 12. Qa4 b5 13. Qxb5 Rfb8 14. Qa4 Rxb2 15. Rab1 Rb6 16. Ne5 Rxb1 17. Rxb1 f6 18. Rb7 Rd8 19. Qa5 cxd4 20. cxd4 Kf8 21. Nb3 Rc8 22. Rd7 Qb6 23. Qa3 Nb4 24. Nd3 Ke8 25. Rxe7+ Kxe7 26. Nxb4 Kf7 27. f5 Rc4 28. fxe6+ Qxe6 29. Qxa7+ Kg6 30. Nd3 Qf5 31. Nf4+ Kh6 32. Qe7 Qb1+ 33. Kg2 Qe4+ 34. Qxe4 dxe4 35. d5 Rc7 36. Nd4 g6 37. a4 Ra7 38. Nc6 Rd7 39. a5 g5 40. a6 gxf4 41. gxf4 e3 42. fxe3 Rxd5 43. a7 Rd2+ 44. Kf3 Ra2 45. Ke4 Kg6 46. Kd5 Kf5 47. h3 Kg6 48. e4 Kh5 49. Kc5 Kh4 50. Kb5 1-0

[Event "IRI-ch"]
[Site "Bushehr"]
[Date "2018.03.13"]
[Round "5"]
[White "Darini, Pouria"]
[Black "Noroozi, Omid"]
[Result "1/2-1/2"]
[WhiteElo "2497"]
[BlackElo "2356"]
[PlyCount "82"]
[EventDate "2018.03.09"]
[EventType "tourn"]
[EventRounds "11"]
[EventCountry "IRI"]
[EventCategory "10"]
[SourceTitle "CBM 183 Extra"]
[Source "ChessBase"]
[SourceDate "2018.04.19"]
[SourceVersion "1"]
[SourceVersionDate "2018.04.19"]
[SourceQuality "1"]

1. e4 Nf6 2. e5 Nd5 3. d4 d6 4. Nf3 g6 5. Bc4 Nb6 6. Bb3 Bg7 7. 0-0 0-0 8. a4 dxe5 9. Nxe5 c5 10. dxc5 Bxe5 11. cxb6 Qxb6 12. Na3 Be6 13. Bh6 Rc8 14. Re1 Bxb3 15. Rxe5 Be6 16. Rb5 Qa6 17. Qd4 f6 18. Qe3 Kf7 19. Re1 Rc6 20. Rd5 Qb6 21. Qe4 Na6 22. Rb5 Qc7 23. Be3 Qd7 24. h3 b6 25. Rh5 Kg8 26. Rh4 Bf5 27. Qf3 e5 28. Rd1 Qe8 29. Rc4 Rac8 30. Rxc6 Rxc6 31. Rd8 Qxd8 32. Qxc6 Nc7 33. a5 Nd5 34. Bh6 Kf7 35. Nc4 Be6 36. a6 g5 37. Qb7+ Qc7 38. h4 Kg6 39. hxg5 fxg5 40. Ne3 Qf7 41. Nxd5 Bxd5 1/2-1/2

[Event "IRI-ch"]
[Site "Bushehr"]
[Date "2018.03.11"]
[Round "3"]
[White "Javanbakht, Nima"]
[Black "Noroozi, Omid"]
[Result "1-0"]
[WhiteElo "2436"]
[BlackElo "2356"]
[PlyCount "55"]
[EventDate "2018.03.09"]
[EventType "tourn"]
[EventRounds "11"]
[EventCountry "IRI"]
[EventCategory "10"]
[SourceTitle "CBM 183 Extra"]
[Source "ChessBase"]
[SourceDate "2018.04.19"]
[SourceVersion "1"]
[SourceVersionDate "2018.04.19"]
[SourceQuality "1"]

1. d4 d5 2. c4 Nc6 3. Nc3 Nf6 4. Nf3 dxc4 5. e4 Bg4 6. Be3 e6 7. Bxc4 Bb4 8. Qd3 0-0 9. a3 Ba5 10. 0-0 Bb6 11. Ne2 Bxf3 12. gxf3 Nh5 13. e5 Ne7 14. Ng3 Nxg3 15. hxg3 Nf5 16. Rad1 Qe7 17. Qe4 c6 18. Kg2 Rad8 19. Rh1 g6 20. g4 Nxe3+ 21. fxe3 Bc7 22. Rh6 Kg7 23. Rdh1 Rh8 24. Qf4 c5 25. Qh2 Qg5 26. Rxh7+ Rxh7 27. Qxh7+ Kf8 28. Bxe6 1-0

[Event "Bandar e Anzali Khazar Cup 16th"]
[Site "Bandar e Anzali"]
[Date "2018.03.02"]
[Round "4"]
[White "Hamidi, Amir Mohammad"]
[Black "Noroozi, Omid"]
[Result "1/2-1/2"]
[WhiteElo "2268"]
[BlackElo "2356"]
[PlyCount "89"]
[EventDate "2018.02.27"]
[EventType "swiss"]
[EventRounds "9"]
[EventCountry "IRI"]
[SourceTitle "CBM 183 Extra"]
[Source "ChessBase"]
[SourceDate "2018.04.19"]
[SourceVersion "1"]
[SourceVersionDate "2018.04.19"]
[SourceQuality "1"]

1. Nf3 d5 2. g3 Nc6 3. d4 Bg4 4. Bg2 Qd7 5. c4 e6 6. cxd5 exd5 7. Nc3 0-0-0 8. h3 Bf5 9. g4 Be4 10. Bf4 Bd6 11. Bxd6 Qxd6 12. e3 Nf6 13. g5 Nd7 14. Nxe4 dxe4 15. Nd2 f5 16. gxf6 Nxf6 17. Nxe4 Nxe4 18. Bxe4 Rhe8 19. Qg4+ Kb8 20. 0-0-0 Na5 21. Bxh7 Nc4 22. Qe2 Qb4 23. a3 Qb3 24. Qc2 Qa2 25. Rd3 Na5 26. b4 Qd5 27. Rhd1 Nc4 28. Rc3 Nd6 29. Bd3 Qf3 30. Kb1 c6 31. Rg1 Re7 32. Rg3 Qh1+ 33. Qc1 Qd5 34. Qg1 Rf8 35. Rg6 Ne4 36. Bxe4 Qxe4+ 37. Rc2 Rxf2 38. Qxf2 Qxg6 39. Qf8+ Re8 40. Qf4+ Ka8 41. Kb2 Qd3 42. Rc3 Qd2+ 43. Rc2 Qxe3 44. Qxe3 Rxe3 45. d5 1/2-1/2

[Event "Asia zt 3.1"]
[Site "Tehran"]
[Date "2017.06.30"]
[Round "1"]
[White "Noroozi, Omid"]
[Black "Harandi, Hootan"]
[Result "1-0"]
[WhiteElo "2333"]
[BlackElo "2020"]
[PlyCount "43"]
[EventDate "2017.06.30"]
[EventType "swiss"]
[EventRounds "9"]
[EventCountry "IRI"]
[SourceTitle "CBM 179 Extra"]
[Source "ChessBase"]
[SourceDate "2017.08.23"]
[SourceVersion "1"]
[SourceVersionDate "2017.08.23"]
[SourceQuality "1"]

1. c4 e6 2. Nc3 d5 3. d4 Nf6 4. Nf3 c6 5. e3 Nbd7 6. Qc2 b6 7. b3 Bb7 8. Bd3 Be7 9. 0-0 0-0 10. Bb2 dxc4 11. bxc4 c5 12. d5 exd5 13. cxd5 Nxd5 14. Bxh7+ Kh8 15. Nxd5 Bxd5 16. Qf5 Bxf3 17. gxf3 Bh4 18. Kh1 Nf6 19. Rg1 Qc8 20. Qf4 Bxf2 21. Bxf6 Bxe3 22. Bxg7+ 1-0

[Event "Rasht Khazar op 15th"]
[Site "Rasht"]
[Date "2017.01.23"]
[Round "5"]
[White "Tabatabaei, Mohammad Amin"]
[Black "Noroozi, Omid"]
[Result "1-0"]
[WhiteElo "2493"]
[BlackElo "2336"]
[PlyCount "59"]
[EventDate "2017.01.20"]
[EventType "swiss"]
[EventRounds "9"]
[EventCountry "IRI"]
[SourceTitle "CBM 176 Extra"]
[Source "ChessBase"]
[SourceDate "2017.03.02"]
[SourceVersion "1"]
[SourceVersionDate "2017.03.02"]
[SourceQuality "1"]

1. e4 Nf6 2. e5 Nd5 3. c4 Nb6 4. c5 Nd5 5. Nc3 e6 6. d4 b6 7. cxb6 axb6 8. Nxd5 exd5 9. Nf3 Be7 10. Bd3 Ba6 11. 0-0 0-0 12. Re1 Bxd3 13. Qxd3 c6 14. h4 Bxh4 15. g3 Be7 16. Kg2 f5 17. exf6 Bxf6 18. Rh1 g6 19. Bf4 Rf7 20. Nh2 Bg5 21. Ng4 Bxf4 22. gxf4 Rxf4 23. Qg3 Qf8 24. Rh4 Re4 25. Rah1 Re7 26. Ne5 Qf6 27. Rf4 Qg7 28. Ng4 g5 29. Nf6+ Kh8 30. Nxh7 1-0

[Event "Rasht Khazar op 15th"]
[Site "Rasht"]
[Date "2017.01.21"]
[Round "2"]
[White "Noroozi, Omid"]
[Black "Zubov, Alexander"]
[Result "0-1"]
[WhiteElo "2336"]
[BlackElo "2606"]
[PlyCount "56"]
[EventDate "2017.01.20"]
[EventType "swiss"]
[EventRounds "9"]
[EventCountry "IRI"]
[SourceTitle "CBM 176 Extra"]
[Source "ChessBase"]
[SourceDate "2017.03.02"]
[SourceVersion "1"]
[SourceVersionDate "2017.03.02"]
[SourceQuality "1"]

1. c4 Nf6 2. Nc3 d5 3. cxd5 Nxd5 4. Nf3 Nxc3 5. bxc3 c5 6. d4 g6 7. e3 Bg7 8. Be2 0-0 9. 0-0 b6 10. a4 Bb7 11. a5 Nd7 12. Qb3 e6 13. Ba3 Qc7 14. Nd2 Rfb8 15. axb6 axb6 16. Bf3 Bxf3 17. Nxf3 Qc6 18. c4 Rc8 19. Rfc1 cxd4 20. exd4 Bh6 21. Rc3 Ra4 22. d5 exd5 23. Nd4 Qa8 24. cxd5 Rxc3 25. Qxc3 Bg7 26. Bb2 Rxa1+ 27. Bxa1 Qxd5 28. Qd2 Nc5 0-1

[Event "Tehran Paytakht Cup 1st"]
[Site "Tehran"]
[Date "2016.10.28"]
[Round "4"]
[White "Rastbod, Ali"]
[Black "Noroozi, Omid"]
[Result "1/2-1/2"]
[WhiteElo "2134"]
[BlackElo "2386"]
[PlyCount "92"]
[EventDate "2016.10.25"]
[EventType "swiss"]
[EventRounds "9"]
[EventCountry "IRI"]
[SourceTitle "EXT 2018"]
[Source "ChessBase"]
[SourceDate "2017.10.13"]
[SourceVersion "1"]
[SourceVersionDate "2017.10.13"]
[SourceQuality "1"]

1. d4 d5 2. c4 e6 3. Nc3 c6 4. Nf3 Nf6 5. g3 Nbd7 6. Bg2 dxc4 7. 0-0 Be7 8. a4 0-0 9. a5 Re8 10. Qa4 b5 11. axb6 Nxb6 12. Qa2 Bb7 13. Rd1 Qc8 14. Ne5 c5 15. Bxb7 Qxb7 16. dxc5 Bxc5 17. Nxc4 Ng4 18. Rf1 Rac8 19. Na5 Qa8 20. Nb3 Nxf2 21. Rxf2 Bxf2+ 22. Kxf2 Qh1 23. Nd2 Qxh2+ 24. Kf1 Qh1+ 25. Kf2 Qh2+ 26. Kf1 Nd5 27. Nf3 Qh1+ 28. Kf2 Nf6 29. g4 Nxg4+ 30. Kg3 Qh5 31. Qxa7 e5 32. e4 Nf6 33. Ra4 Qg4+ 34. Kf2 Qh3 35. Ke2 Rcd8 36. Bg5 Rd6 37. Bh4 Nh5 38. Qxf7+ Kxf7 39. Ng5+ Kg8 40. Nxh3 Rb8 41. b4 Rd4 42. Be7 Ng3+ 43. Ke3 Nf1+ 44. Ke2 Ng3+ 45. Ke3 Nf1+ 46. Ke2 Ng3+ 1/2-1/2

[Event "Avicenna op 13th"]
[Site "Hamedan"]
[Date "2016.08.28"]
[Round "7"]
[White "Darini, Pouria"]
[Black "Noroozi, Omid"]
[Result "1/2-1/2"]
[WhiteElo "2527"]
[BlackElo "2392"]
[PlyCount "75"]
[EventDate "2016.08.24"]
[EventType "swiss"]
[EventRounds "9"]
[EventCountry "IRI"]
[SourceTitle "CBM 174 Extra"]
[Source "ChessBase"]
[SourceDate "2016.10.10"]
[SourceVersion "1"]
[SourceVersionDate "2016.10.10"]
[SourceQuality "1"]

1. e4 c5 2. Nf3 d6 3. d4 cxd4 4. Nxd4 Nf6 5. Nc3 a6 6. Bg5 e6 7. f4 Nbd7 8. Qe2 Be7 9. 0-0-0 Qc7 10. g4 b5 11. a3 0-0 12. Bg2 Bb7 13. Bh4 Qc4 14. Qxc4 bxc4 15. Bf3 Rab8 16. Rhe1 Bd8 17. g5 Ne8 18. Bg3 Nc5 19. Nde2 f6 20. gxf6 Bxf6 21. Bh1 e5 22. fxe5 Bxe5 23. Bxe5 dxe5 24. Ng3 Rf2 25. Rf1 Rxh2 26. Rf5 Bc6 27. Rxe5 Na4 28. Rh5 Rf2 29. Rf5 Rh2 30. Rh5 Rf2 31. Rf5 Rh2 32. Rh5 Rxh5 33. Nxh5 Nxc3 34. bxc3 Rb5 35. Nf4 Re5 36. Rd4 Nf6 37. Rxc4 Bxe4 38. Rc8+ 1/2-1/2

[Event "Nakhchivan op"]
[Site "Nakhchivan"]
[Date "2016.05.17"]
[Round "8"]
[White "Noroozi, Omid"]
[Black "Burmakin, Vladimir"]
[Result "0-1"]
[WhiteElo "2391"]
[BlackElo "2554"]
[PlyCount "78"]
[EventDate "2016.05.10"]
[EventType "swiss"]
[EventRounds "9"]
[EventCountry "AZE"]
[SourceTitle "CBM 172 Extra"]
[Source "ChessBase"]
[SourceDate "2016.06.21"]
[SourceVersion "1"]
[SourceVersionDate "2016.06.21"]
[SourceQuality "1"]

1. c4 c6 2. Nf3 Nf6 3. Nc3 d5 4. e3 g6 5. d4 Bg7 6. Be2 0-0 7. 0-0 e6 8. Qc2 Nbd7 9. e4 dxe4 10. Nxe4 Nxe4 11. Qxe4 c5 12. Be3 cxd4 13. Bxd4 e5 14. Bc3 Re8 15. Rad1 Qc7 16. b4 Nf6 17. Qb1 e4 18. Nd4 a6 19. Qa1 Ng4 20. g3 e3 21. f3 Nf2 22. Rc1 Be5 23. Rxf2 exf2+ 24. Kxf2 Bd7 25. f4 Bg7 26. c5 Bc6 27. Nxc6 Bxc3 28. Qxc3 Qxc6 29. Bf3 Qc7 30. h4 h5 31. a4 Rad8 32. b5 axb5 33. axb5 Qd7 34. c6 bxc6 35. Bxc6 Qa7+ 36. Qc5 Rd2+ 37. Kf3 Rd3+ 38. Kf2 Qa2+ 39. Rc2 Rd2+ 0-1

[Event "Nakhchivan op"]
[Site "Nakhchivan"]
[Date "2016.05.10"]
[Round "1"]
[White "Enkhtuul, Altanulzii"]
[Black "Noroozi, Omid"]
[Result "1/2-1/2"]
[WhiteElo "2208"]
[BlackElo "2391"]
[PlyCount "43"]
[EventDate "2016.05.10"]
[EventType "swiss"]
[EventRounds "9"]
[EventCountry "AZE"]
[SourceTitle "CBM 172 Extra"]
[Source "ChessBase"]
[SourceDate "2016.06.21"]
[SourceVersion "1"]
[SourceVersionDate "2016.06.21"]
[SourceQuality "1"]

1. Nf3 d5 2. d4 Nf6 3. g3 Bg4 4. Bg2 e6 5. 0-0 Nbd7 6. Nbd2 Be7 7. Re1 0-0 8. e4 c6 9. c3 Qb6 10. a4 a5 11. exd5 cxd5 12. Qb3 Qxb3 13. Nxb3 Ne4 14. Be3 Bf5 15. Ne5 Nef6 16. c4 Bc2 17. Nd2 Nxe5 18. dxe5 Ng4 19. cxd5 exd5 20. Bd4 Bb4 21. h3 Nh6 22. Bc3 1/2-1/2

[Event "IRI-ch"]
[Site "Tehran"]
[Date "2016.01.24"]
[Round "7"]
[White "Noroozi, Omid"]
[Black "Firouzja, Alireza"]
[Result "1/2-1/2"]
[WhiteElo "2399"]
[BlackElo "2455"]
[PlyCount "81"]
[EventDate "2016.01.20"]
[EventType "tourn"]
[EventRounds "11"]
[EventCountry "IRI"]
[EventCategory "7"]
[SourceTitle "CBM 170 Extra"]
[Source "ChessBase"]
[SourceDate "2016.02.25"]
[SourceVersion "1"]
[SourceVersionDate "2016.02.25"]
[SourceQuality "1"]

1. e4 c5 2. Nf3 d6 3. d4 cxd4 4. Nxd4 Nf6 5. Nc3 a6 6. Be3 Ng4 7. Bc1 Nf6 8. f3 e5 9. Nb3 Be6 10. Be3 Be7 11. Qd2 0-0 12. Nd5 Nxd5 13. exd5 Bf5 14. c4 Nd7 15. Na5 Qc7 16. Be2 Bh4+ 17. g3 Bd8 18. b4 Bh3 19. Rc1 Qb8 20. Nb3 b6 21. Kf2 f5 22. Rhd1 a5 23. a3 axb4 24. axb4 f4 25. gxf4 Ra3 26. Qb2 exf4 27. Bd4 Rf5 28. Bd3 Bh4+ 29. Ke2 Rg5 30. Rg1 Qa8 31. Rxg5 Bxg5 32. Ra1 Qe8+ 33. Kd2 Rxa1 34. Qxa1 Bf6 35. Bxf6 Qe3+ 36. Kc3 gxf6 37. Qa8+ Kg7 38. Nd4 Qe1+ 39. Kc2 Qf2+ 40. Kc3 Qe1+ 41. Kc2 1/2-1/2

[Event "IRI-ch"]
[Site "Tehran"]
[Date "2016.01.23"]
[Round "5"]
[White "Noroozi, Omid"]
[Black "Maghsoodloo, Parham"]
[Result "1/2-1/2"]
[WhiteElo "2399"]
[BlackElo "2450"]
[PlyCount "107"]
[EventDate "2016.01.20"]
[EventType "tourn"]
[EventRounds "11"]
[EventCountry "IRI"]
[EventCategory "7"]
[SourceTitle "CBM 170 Extra"]
[Source "ChessBase"]
[SourceDate "2016.02.25"]
[SourceVersion "1"]
[SourceVersionDate "2016.02.25"]
[SourceQuality "1"]

1. e4 e5 2. Nf3 Nc6 3. Bb5 Nf6 4. 0-0 Nxe4 5. d4 Nd6 6. Bxc6 dxc6 7. dxe5 Nf5 8. Qxd8+ Kxd8 9. h3 Ke8 10. Nc3 Be7 11. Bf4 h5 12. Rfe1 Be6 13. Ne2 Rd8 14. Bg5 h4 15. Nf4 Nd4 16. Nxd4 Rxd4 17. Nxe6 fxe6 18. Be3 Rd5 19. c4 Rxe5 20. Bf4 Rf5 21. Bxc7 Bc5 22. Re2 Rhf8 23. Rf1 Ke7 24. Be5 g5 25. b4 Bxb4 26. Rb1 Bc5 27. Rxb7+ Ke8 28. Bd6 R8f7 29. Rb8+ Kd7 30. Bxc5 Rxc5 31. Rb7+ Ke8 32. Rxe6+ Kf8 33. Rb8+ Kg7 34. Rc8 Rf6 35. Re7+ Rf7 36. Re4 Rf4 37. Rc7+ Kf6 38. Rxf4+ gxf4 39. Rxa7 Rxc4 40. Kf1 Kf5 41. Ke2 Rc2+ 42. Kf3 Rc3+ 43. Ke2 Rc2+ 44. Ke1 c5 45. a4 Ke4 46. a5 c4 47. a6 Ra2 48. Re7+ Kd3 49. Rd7+ Kc3 50. a7 Kb3 51. Rb7+ Kc3 52. Kd1 Kd3 53. Rd7+ Kc3 54. Rb7 1/2-1/2